|
|
|
|
| LEADER |
01268nam a22003132a 4500 |
| 001 |
000801488 |
| 003 |
CZ BrMZK |
| 005 |
20051213075220.0 |
| 007 |
ta |
| 008 |
051213s1956 xr er|||||||||||cze d |
| 040 |
|
|
|a ABA001
|b cze
|c KLG001
|d ABA001
|
| 041 |
0 |
|
|a rus
|a cze
|
| 100 |
1 |
|
|a Brand, Vladimír
|7 jx20040607002
|4 com
|4 edt
|
| 245 |
1 |
0 |
|a Ruský styk písemný pro VŠZ :
|b určeno pro posluchače fakulty, aspiranty, pedagog. síly a posluchače VŠZ /
|c sest. V. Brand a G. Antipová ; red. Vladimír Brand
|
| 250 |
|
|
|a 1. vyd.
|
| 260 |
|
|
|a Praha :
|b SPN,
|c 1956
|f (Praž. tisk. 06)
|
| 300 |
|
|
|a 76 s. ;
|c 4°
|
| 490 |
1 |
|
|a Učební texty vysokých škol
|
| 500 |
|
|
|a Vyd. Vysoká škola zeměd. v Praze
|
| 500 |
|
|
|a Ruský text
|
| 700 |
1 |
|
|a Antipova, Galina P.
|4 com
|
| 710 |
2 |
|
|a Vysoká škola zemědělská v Praze
|7 ko20010092576
|
| 830 |
|
0 |
|a Učební texty vysokých škol
|
| 910 |
|
|
|a BOA001
|b 4-0368.111
|
| 990 |
|
|
|a BK
|
| 991 |
|
|
|b 200512
|
| 996 |
7 |
|
|b 2619282916
|c 4-0368.111
|l MZK
|r Sklad / do 24 hodin
|n 0
|w 000801488
|u 000030
|a 1
|e BOA001
|j MZK50
|s A
|
| 996 |
6 |
|
|b 2619282917
|c 4-0368.111
|l MZK
|r Sklad / do 24 hodin
|n 0
|w 000801488
|u 000020
|a 1
|e BOA001
|j MZK50
|s P
|
| 996 |
7 |
|
|b BC-251042
|c 4-0368.111
|l MZK
|r Sklad / do 24 hodin
|n 0
|w 000801488
|u 000010
|a 1
|e BOA001
|j MZK50
|s A
|